| 000 | 00536nam a2200193Ia 4500 | ||
|---|---|---|---|
| 003 | GCL | ||
| 005 | 20240530110159.0 | ||
| 008 | 140319s9999 xx 000 0 ara d | ||
| 040 |
_aGCL / _cGCL |
||
| 082 | 0 | 4 |
_a922.1 _bم/م ح |
| 100 | 1 | _aمحمود شلبى | |
| 245 | 1 | 0 |
_aحياة الامام الحسين / _cمحمود شلبى |
| 250 | _aط1 | ||
| 260 |
_aبيروت: _bدار الجيل ، _c1985 |
||
| 300 |
_a310 ص ؛ _c24 سم |
||
| 650 | 0 | 4 | _aالاسلام |
| 650 | 0 | 4 | _aالحسين (الامام) |
| 942 |
_2ddc _cREF |
||
| 999 |
_c59227 _d59227 |
||